| 000 | 00434nam a2200157 a 4500 | ||
|---|---|---|---|
| 020 | _a0070616191 (hb) | ||
| 082 |
_a621.56 _bSTO _cL-8, P-21 |
||
| 100 | 1 |
_aStoecker, W. F. _941869 |
|
| 245 | 1 | _aRefrigeration and Air Conditioning. | |
| 260 |
_aNew York: _bMcGraw-Hill, _c1982. |
||
| 300 | _a397p. : ill. | ||
| 526 |
_a0 _b0 _c0 _d621_560000000000000_STO |
||
| 650 | 0 |
_aAir Conditioning. _919032 |
|
| 650 | 0 |
_aMCE _9379 |
|
| 942 |
_2ddc _cBK |
||
| 999 |
_c545887 _d545887 |
||